Characters on the Walking Dead - Statistics

General Stats
  • This quiz has been taken 301 times
    283 since last reset
  • The average score is 52 of 81
Answer Stats
Season Hint Character % Correct
Season 1-8 Angsty teenage son of Rick Carl Grimes
98%
Season 1-3 Demanding wife of Rick and mother of Carl Lori Grimes
98%
Season 1-3 Stubborn sister of Amy Andrea
97%
Season 1- Fearless hunter and right-hand man of Rick Daryl Dixon
97%
Season 1-7 Clever and optimistic former delivery-boy Glenn Rhee
97%
Season 1-3 Racist redneck tracker missing a hand Merle Dixon
97%
Season 1- Flawed leader of the group Rick Grimes
97%
Season 1- Originally weak and frail, but evolved into a hardened survivor Carol Peletier
96%
Season 3- Lori's baby daughter and Carl's half-sister Judith Grimes
96%
Season 1-2 Unhinged second-in-command Shane Walsh
96%
Season 2-5 Hopeful and optimistic daughter of Hershel Beth Greene
95%
Season 1-2 Reasonable elder and moral compass Dale Horvath
95%
Season 2- Fierce leader of the Hilltop Colony and wife of Glenn Maggie Rhee
95%
Season 3-7 Fiery sharpshooter and sister of Tyreese Sasha Williams
94%
Season 2-4 Religious voice of wisdom and doctor of the group Hershel Greene
93%
Season 2- Resourceful katana-wielding survivor Michonne
93%
Season 3-5 Compassionate and protective brother of Sasha Tyreese Williams
91%
Season 4-7 Brave and short-tempered red-headed former soldier Abraham Ford
86%
Season 4- Socially awkward, highly intelligent engineer that betrayed the group to join the Saviors Eugene Porter
86%
Season 4- Feisty and extremely capable ex-girlfriend of Abraham Rosita Espinosa
86%
Season 3-5 Evil and power-mad leader of Woodbury Philip Blake (The Governor)
85%
Season 5- Priest sheltered from the Apocalypse Father Gabriel Stokes
84%
Season 6- Psychopathic and merciless leader of the Saviors Negan
83%
Season 1 Abusive sexist husband of Carol Ed Peletier
79%
Season 5- Teenage resident of the Alexandria Safe-Zone and girlfriend of Carl Enid
79%
Season 1 Out-going sister of Andrea Amy
78%
Season 4-5 Humorous but depressed alcoholic loner Bob Stookey
78%
Season 5-6 Ex-leader of the Alexandria Safe-Zone Deanna Monroe
78%
Season 1 Only survivor of his family, and predicted the walker attack on the Atlanta Camp Jim
77%
Season 5- Good-natured and outgoing head-recruiter for the Alexandria Safe-Zone Aaron
76%
Season 5-6 Resident of the Alexandria Safe-Zone, and mother of Ron and Sam Jessie Anderson
76%
Season 1-2 Cheerful daughter of Ed and Carol who goes missing Sophia Peletier
73%
Season 7- Leader of the Kingdom with a love for theatrics King Ezekiel
72%
Season 5-7 Alexandria Safe-Zone lookout and son of Deanna with a distrust for Rick Spencer Monroe
72%
Season 4- Ex-Member of the Governor's Militia and member of the group Tara Chambler
72%
Season 2 Hershel's ranch hand that accidentally shot Carl Otis
70%
Season 1- Non-violent wise man Morgan Jones
68%
Season 6- High-ranked member of the Saviors and Negan's right-hand man Simon
68%
Season 4-5 Cannibalistic leader of Terminus Gareth
67%
Season 6- Ruthless but reluctant member of the Saviors Dwight
66%
Season 6- Cowardly former-leader of the Hilltop Colony Gregory
66%
Season 1-3 Extremely loyal and kind member of the Atlanta group Theodore Douglas
66%
Season 2 Beth's 17 year old boyfriend living on the Greene's farm Jimmy
64%
Season 6- Crafty member of the Hilltop Colony Paul "Jesus" Rovia
64%
Season 1 Compassionate member of the Atlanta group that lost hope at the CDC Jacqui
63%
Season 5-8 Recruiter for the Alexandria Safe-Zone and boyfriend of ^ Eric Raleigh
60%
Season 1-8 Left the group with his family for relatives in Birmingham, now a loyal member of the Saviors Morales
60%
Season 2 Quiet wife of Otis Patricia
60%
Season 4 Psychotic 12-year old obsessed with walkers Lizzie Samuels
58%
Season 3 Scientist right-hand man of the Governor Milton Mamet
58%
Season 5-6 Bitter and vengeful 15 year old son of Pete and Jessie Ron Anderson
54%
Season 5-6 Youngest of the Anderson family Sam Anderson
54%
Season 3 Ignorant but well-meaning inmate-survivor that joins the group Axel
52%
Season 5 Abusive drunkard father of the Anderson family Pete Anderson
51%
Season 2 After being impaled on a fence, he's taken prisoner by the group Randall Culver
50%
Season 4 Innocent 10-year old sister of Lizzie Mika Samuels
49%
Season 5 Architect of the Alexandria Safe-Zone and husband of Deanna Reg Monroe
48%
Season 3-4 The Governor's most trusted enforcer who favors a baseball bat Caesar Martinez
47%
Season 3 Brave inmate-survivor that joins the group Oscar
47%
Season 7- Traitorous, oddly-spoken leader of the Scavengers Jadis
46%
Season 4 Mother oblivious to the grim world around her Lilly Chambler
46%
Season 5 Strict leader of the Grady Memorial Hospital police officers Dawn Lerner
43%
Season 1 Last surviving pathologist at the Atlanta CDC Dr. Edwin Jenner
43%
Season 3 Violently unpredictable leader of the inmate-survivors Tomas
42%
Season 5 Egotistical and careless son of Deanna and Reg Aiden Monroe
38%
Season 4 New arrival to the prison community and one of Carl's closest friends Patrick
38%
Season 7-8 Pet tiger of King Ezekiel and defender of the Kingdom Shiva
37%
Season 4 Daughter of Lilly Meghan Chambler
36%
Season 3 Sly inmate-survivor at the prison loyal to Tomas Andrew
35%
Season 6 Alexandria Safe-Zone's head doctor and surgeon Dr. Denise Cloyd
34%
Season 7- Member of the Kingdom and King Ezekiel's steward Jerry
34%
Season 5 Aspiring architect and comedian of the group Noah
34%
Season 1 The first person Rick meets and Morgan's son Duane Jones
33%
Season 4 Leader of the Claimers Joe
33%
Season 5-7 Inventory Manager at the Alexandria Safe-Zone Olivia
32%
Season 5-6 Weak and cowardly supply-runner for the Alexandria Safe-Zone Nicholas
30%
Season 7 Young soldier from the Kingdom eager to prove himself Benjamin
20%
Season 5- Hard-working construction worker for the Alexandria Safe-Zone Tobin
20%
Season 6-7 Sarcastic head supply-runner for the Alexandria Safe-Zone Heath
15%
Season 5-6 Deranged, greedy member of the Wolves Owen
15%
Season 7 Soldier from the Kingdom who despises the Saviors Richard
15%
No matching quizzes found
Score Distribution
Percent of People with Each Score
Percentile by Number Answered
Your Score History
You have not taken this quiz since the last reset